• 首页
  • 本馆介绍
  • 公告通知
  • 最新文献
  • 馆藏检索
  • 电子资源
  • 读者导购
  • 参考咨询
  • 我的图书馆
  • 登录
  • 详细信息显示
  • 放入我的书架
  • 预约/预借图书
  • 作者相关作品
  • 分类相关作品
  • 丛书相关作品
  • 出版社相关作品

书目信息

  • 表格格式
  • 工作单格式
  • 卡片格式
题名:
学前儿童英语教育
    
 
作者: 陈莉娜 , 高静 主编
分册:  
出版信息: 成都   西南交通大学出版社  2012.08
页数: 276页
开本: 23cm
丛书名:
单 册:
中图分类: G613.2
科图分类:
主题词: 英语课--学前教育--教材参考资料 , 英语课
电子资源:
ISBN: 978-7-5643-1822-2
000 01027nam0 2200265 450
001 0103152649
005 20201103152731.0
010    @a978-7-5643-1822-2@dCNY39.80
100    @a20130208e20202012em y0chiy50 ea
101 0  @achi@aeng
102    @aCN@b510000
105    @aa z 000yy
106    @ar
200 1  @a学前儿童英语教育@Axue qian er tong ying yu jiao yu@f陈莉娜, 高静主编
210    @a成都@c西南交通大学出版社@d2012.08@h2020.07
215    @a276页@c图@d23cm
300    @a高等院校“学前教育”专业“十二五”规划教材
330    @a本书从实用性的角度出发,对学前儿童英语教育的理论基础、性质、特点、目标和内容、教师专业发展、课堂教学管理、教学方法和手段、主要教学环节的实施过程以及教材建设等方面作了论述,为从事学前儿童英语教育的教师们提供理论指导和实践参考。
606 0  @a英语课@x学前教育@j教材参考资料
606 0  @a英语课
690    @aG613.2@v5
701  0 @a陈莉娜@Achen li na@c(女)@4主编
701  0 @a高静@Agao jing@c(女,@f1982-)@4主编
801  0 @aCN@bBJSZM@c20201103
905    @b1256291-5@dG613.2@e1050@f5
    
    学前儿童英语教育/陈莉娜, 高静主编.-成都:西南交通大学出版社,2012.08(2020.07)
    276页:图;23cm
    高等院校“学前教育”专业“十二五”规划教材
    
    ISBN 978-7-5643-1822-2:CNY39.80
    本书从实用性的角度出发,对学前儿童英语教育的理论基础、性质、特点、目标和内容、教师专业发展、课堂教学管理、教学方法和手段、主要教学环节的实施过程以及教材建设等方面作了论述,为从事学前儿童英语教育的教师们提供理论指导和实践参考。
●
相关链接 在E读中查询图书 在五车中查询图书 在当当中查询图书 在豆瓣中查询图书


正题名:学前儿童英语教育     索取号:G613.2/1050         预约/预借

序号 登录号 条形码 馆藏地/架位号 状态 备注
1 1256291   212562911   第一样本阅览室/ [索取号:G613.2/1050] 在馆    
2 1256292   212562920   教育系资料室/ [索取号:G613.2/1050] 在馆    
3 1256293   212562939   教育系资料室/ [索取号:G613.2/1050] 在馆    
4 1256294   212562948   第四借阅区/ [索取号:G613.2/1050] 在馆    
5 1256295   212562957   第四借阅区/ [索取号:G613.2/1050] 在馆    
唐山师范学院图书馆 欢迎您!
大连网信软件有限公司© 版权所有